Airline Logos - Oceania - Statistics

General Stats
  • This quiz has been taken 34 times
  • The average score is 10 of 18
Answer Stats
Picture Answer % Correct
Airnorth
96%
Air New Zealand
92%
Qantas
92%
Air Vanuatu
75%
Fiji Airways
71%
Virgin Australia
71%
Jetstar
67%
Solomon airlines
67%
Aircalin
50%
Bonza
46%
Nauru airlines
46%
Regional Express
46%
Air Niugini
42%
Air Tahiti Nui
38%
Air Chathams
29%
Samoa airways
25%
Sounds Air
25%
Alliance Airlines
17%
No matching quizzes found
Score Distribution
Percent of People with Each Score
Percentile by Number Answered
Your Score History
You have not taken this quiz